000171648 001__ 171648
000171648 005__ 20260527123126.0
000171648 0247_ $$2doi$$a10.1007/s11200-026-00022-9
000171648 0248_ $$2sideral$$a149364
000171648 037__ $$aART-2026-149364
000171648 041__ $$aeng
000171648 100__ $$0(orcid)0000-0003-1563-6434$$aOliva-Urcia, Belén$$uUniversidad de Zaragoza
000171648 245__ $$aReply to Comments by J. E. Cortes on Magnetic signature of the Camarena de la Sierra Jurassic Magmatism in the SE Iberian Chain (Teruel, Spain)
000171648 260__ $$c2026
000171648 5060_ $$aAccess copy available to the general public$$fUnrestricted
000171648 5203_ $$aWe thank Dr. Cortés for the opportunity to clarify some of the points that were not totally explained in our manuscript and could lead to misinterpretations: In the first place we must make a recognition to the very detailed work done by Cortés (2020, 2023) and Cortés and Gómez (2016) that have contributed to shed light on the interesting extrusive magmatism of the Eastern Iberian Chain. We also want to say that we totally agree with the age precissions put forward by Cortés and that generalizations (in our case about volcanic products, trying to include all of them, specifically the lava flows studied by Dr. Cortés) can be misleading. We consider that in this case his precissions are totally welcome.
000171648 540__ $$9info:eu-repo/semantics/openAccess$$aby$$uhttps://creativecommons.org/licenses/by/4.0/deed.es
000171648 655_4 $$ainfo:eu-repo/semantics/article$$vinfo:eu-repo/semantics/publishedVersion
000171648 700__ $$0(orcid)0000-0003-3652-3527$$aCasas-Sainz, Antonio$$uUniversidad de Zaragoza
000171648 7102_ $$12000$$2428$$aUniversidad de Zaragoza$$bDpto. Ciencias de la Tierra$$cÁrea Geodinámica Interna
000171648 773__ $$g70, 1 (2026), 3$$pStud. geophys. geod.$$tSTUDIA GEOPHYSICA ET GEODAETICA$$x0039-3169
000171648 8564_ $$s492734$$uhttps://zaguan.unizar.es/record/171648/files/texto_completo.pdf$$yVersión publicada
000171648 8564_ $$s1502175$$uhttps://zaguan.unizar.es/record/171648/files/texto_completo.jpg?subformat=icon$$xicon$$yVersión publicada
000171648 909CO $$ooai:zaguan.unizar.es:171648$$particulos$$pdriver
000171648 951__ $$a2026-05-27-11:25:44
000171648 980__ $$aARTICLE